000 00921nam0a22002771 4500
001 rc\2777097
005 20250806204955.0
035 _a(NLR Aleph) 006903377
090 _a30279
_c30279
100 _a20110915d1941 u y0rusy50 ca
101 0 _arus
102 _aRU
105 _aa z |||a|
200 1 _aИван Рябов, лодейный кормщик
_eИст. повесть
210 _aМосква
_cВоениздат
_d1941
_eЛенинград
215 _a68 с.
_cил.
_d17 см.
225 1 _aБиблиотека красноармейца
300 _aНа обл. автор не указан
700 1 _aХазин
_bЕ.Я.
_f1893-1974
_gЕвгений Яковлевич
801 0 _aRU
_bNLR
_gpsbo
801 1 _aRU
_bELAR
_2rusmarc
852 _aNLR
_jЛ30 Г-2/55
942 _cBOOK
945 _aРоссийская национальная библиотека
980 _aNB
980 _aBV